| 000 | 01764nam0a2200313 i 4500 | ||
|---|---|---|---|
| 001 | RU\NLR\BIBL_A\011185817 | ||
| 005 | 20260405131615.0 | ||
| 035 | _a(NLR Aleph) 011185817 | ||
| 090 |
_a11840858 _c11840858 |
||
| 100 | _a20160728d2014 um y0rusy50 ca | ||
| 101 | 0 | _arus | |
| 102 | _aRU | ||
| 105 | _aa|||f|||001yy | ||
| 200 | 1 |
_aВсе минералы Южного Урала _iМинералы Челябинской области _eэнциклопедия уральского камня _fС. В. Колисниченко, В.А. Попов, С.Г. Епанцинцев, А.М. Кузнецов _gИн-т минералогии УрО РАН, Челяб. гос. краевед. музей |
|
| 210 |
_aЧелябинск _cСанарка _d2014 |
||
| 215 |
_a623, [1] с. _cил., цв. фот. _d30 |
||
| 320 | _aУказ. минералов: с. 613-619 | ||
| 606 |
_aМинералы _jСправочники _yУрал Южный _91270069 _3RU\NLR\AUTH\66204885 |
||
| 686 |
_a26.325(2Р36-4Че)я2 _vLBC/RL _2rubbk |
||
| 686 | 1 | _aД330.09(2Р36,7)я2 | |
| 701 | 1 |
_4070 _4600 _aКолисниченко _bС. В. _gСергей Васильевич _9160820 _3RU\NLR\AUTH\770160862 |
|
| 701 | 1 |
_4070 _4600 _7ca _8rus _aПопов _bВ. А. _cд-р геол.-минерал. наук _f1941- _gВладимир Анатольевич _935511 _3RU\NLR\AUTH\7752578 |
|
| 701 | 1 |
_aЕпанчинцев _bС. Г. _cминералог _gСергей Г. _9160816 _3RU\NLR\AUTH\770160858 |
|
| 701 | 1 |
_aКузнецов _bА. М. _cминералог _gАлексей М. _9160815 _3RU\NLR\AUTH\770160857 |
|
| 801 | 0 |
_aRU _bЧелябинская ОУНБ _c20140618 _grcr _2rusmarc |
|
| 942 | _cBOOK | ||
| 980 | _aNBR | ||